00504nam a22001577a 450000500170000001000150001702000260003203500140005803700130007208200140008510000210009924500400012026000420016027001140020230000300031620240924172438.0 aENG-133337 a9789352787708c295.00 aEN-116869 bDBAD/PUB a342.73082 aKorrapati. Raghu aH-1B Uncovered/cBy Raghu Korrapati aNew DelhibDiamond Pocket Booksc2018 aX- 30, Okhla Industrial Area, Phase-IIbNew Delhie110020mwecare@diamondbooks.ink011-40712100k011-41611861 a162p.c22cm(pb)bAppendix